trouve le réalisateur ou la réalisatrice the return - Statistiques

Statistiques générales
  • Ce quiz a été pris 10 fois
  • Le résultat moyen est 16 sur 35
Statistiques - réponses
Par images Réponse % Correct
Maiwenn
100%
Claire Denis
78%
John Carpenter
78%
Lars von Trier
78%
Wes Anderson
78%
Xavier Dolan
78%
Buster Keaton
67%
Milos Forman
67%
Takeshi Kitano
67%
Werner Herzog
67%
Alexandre Aja
56%
Fritz Lang
56%
Justine Triet
56%
Kiyoshi Kurosawa
56%
Mel Brooks
56%
Terrence Malick
56%
Ari Aster
44%
John Landis
44%
Luis Bunuel
44%
Rob Reiner
44%
Arnaud Desplechin
33%
Charlie Kaufman
33%
Jacques Rivette
33%
Michelangelo Antonioni
33%
Naomie Kawase
33%
Nobuhiko Obayashi
33%
Rafael Cherkaski
33%
Timothée Hochet
22%
Alan Crossland
11%
Alexandre Sokourov
11%
Anne-Marie Miéville
11%
Jonas Mekas
11%
Alex de la Iglesia
0%
Daniel Kwan
0%
John Schlesinger
0%
Aucun quiz correspondant
Distribution des résultats
% des personnes avec chaque résultat
Percentile par nombre de réponses
Votre historique - résultats
Vous n’avez pas pris ce quiz